|
|
|
|
| LEADER |
00713nam a2200229 a 4500 |
| 001 |
000601606 |
| 003 |
CZ BrMZK |
| 005 |
20020521105301.0 |
| 008 |
020521s1946 xr f cze d |
| 015 |
|
|
|a cnb001835774
|
| 040 |
|
|
|a BOA001
|b cze
|c BOA001
|
| 100 |
1 |
|
|a Rón, Zdeněk,
|d 1889-1948
|7 jk01102672
|4 aut
|
| 245 |
1 |
0 |
|a PMP a tři hvězdy /
|c Zdeněk Rón
|
| 250 |
|
|
|a 1. vyd.
|
| 260 |
|
|
|a Praha :
|b Orbis,
|c 1946
|
| 300 |
|
|
|a 30 s.
|
| 490 |
1 |
|
|a Bojovníci ;
|v sv. 16
|
| 830 |
|
0 |
|a Bojovníci
|0 s
|
| 910 |
|
|
|a BOA001
|b PK-A-0011.131
|
| 964 |
|
|
|a ČSSR - okupace nacistická - povídky pro mládež
|
| 990 |
|
|
|a BK
|
| 996 |
7 |
|
|b 3119677477
|c PK-A-0011.131
|l MZK
|r Sklad / do 1 hodiny
|n 1
|w 000601606
|u 000010
|a 1
|e BOA001
|j MZK50
|s A
|